Discurso pronunciado en la Universidad Central en la solemne inauguración del año académico de 1857 a 1858

Saved in:
書目詳細資料
主要作者: Sanz del Río, Julían (Author)
格式: 圖書
語言:西班牙语
出版: Madrid Universidad Complutense 1996
叢編:Colección Excerpta Philosophica, 16
主題:
標簽: 添加標簽
沒有標簽, 成為第一個標記此記錄!

MARC

LEADER 00000nam a2200000 a 4500
001 UCP2701
003 CL-VaPUC
008 990528e19960000SP |||||||||||||||||spa|d
082 0 4 |a 865  |b SAN  |2 21 
100 0 |a Sanz del Río, Julían  |e author  |9 429653 
245 1 0 |a Discurso pronunciado en la Universidad Central en la solemne inauguración del año académico de 1857 a 1858 
300 |a 55 p 
942 |c BK 
945 |d 19990528 00:00:00  |a rbrito 
260 |a Madrid  |b Universidad Complutense  |c 1996 
650 7 |a ORATORIA ESPAÑOLA  |2 CL-VaPUC  |9 321291 
650 0 |a Filosofía del lenguaje  |9 257082 
583 |a last modification  |c 19990528 00:00:00  |k Rodrigo Vera 
490 0 |a Colección Excerpta Philosophica, 16 
999 |c 281201  |d 281199 
952 |0 0  |1 0  |4 0  |6 865_000000000000000_SAN_1996  |7 0  |8 A  |9 321881  |a BIBEDU  |b BIBEDU  |d 2019-11-20  |i 3510050  |o 865 SAN 1996  |p 3510050  |r 2019-11-20  |w 2019-11-20  |y BK  |k FIL